<?xml version="1.0" encoding="UTF-8"?>
<record
    xmlns:xsi="http://www.w3.org/2001/XMLSchema-instance"
    xsi:schemaLocation="http://www.loc.gov/MARC21/slim http://www.loc.gov/standards/marcxml/schema/MARC21slim.xsd"
    xmlns="http://www.loc.gov/MARC21/slim">

  <leader>01054nam a2200253 a 4500</leader>
  <controlfield tag="001">83320</controlfield>
  <controlfield tag="003">BD-RjUL</controlfield>
  <controlfield tag="005">20240312120829.0</controlfield>
  <controlfield tag="008">240311s1967    pk            000 0 urd d</controlfield>
  <datafield tag="035" ind1=" " ind2=" ">
    <subfield code="a">(BD-RjUL)83320</subfield>
  </datafield>
  <datafield tag="040" ind1=" " ind2=" ">
    <subfield code="a">NNL</subfield>
    <subfield code="b">ara</subfield>
    <subfield code="c">BD-RjUL</subfield>
  </datafield>
  <datafield tag="041" ind1="0" ind2=" ">
    <subfield code="a">urd</subfield>
  </datafield>
  <datafield tag="082" ind1=" " ind2=" ">
    <subfield code="2">23</subfield>
    <subfield code="a">954.91092</subfield>
    <subfield code="b">ALQ 1967</subfield>
  </datafield>
  <datafield tag="100" ind1="1" ind2=" ">
    <subfield code="a">&#x627;&#x635;&#x641;&#x6C1;&#x627;&#x646;&#x6CC;&#x66B;  &#x645;&#x631;&#x632;&#x627; &#x627;&#x628;&#x648;&#x627;&#x644;&#x62D;&#x633;&#x646;&#x60C;  ;; Isfahani, Mirza Abul Hasan</subfield>
    <subfield code="d">1889-1964</subfield>
    <subfield code="9">6777</subfield>
  </datafield>
  <datafield tag="245" ind1="1" ind2="2">
    <subfield code="a">&#x642;&#x627;&#x626;&#x62F; &#x627;&#x639;&#x638;&#x645; &#x62C;&#x646;&#x627;&#x62D; : &#x627;&#x649;&#x6A9; &#x642;&#x648;&#x645; &#x6A9;&#x649; &#x633;&#x631;&#x6AF;&#x632;&#x634;&#x62A; / Q&#x101;&#x2BC;id-i A&#x2BB;z&#x324;am Jinn&#x101;&#x1E25; : ek qaum k&#x12B; sarguzasht /</subfield>
    <subfield code="c">&#x62A;&#x623;&#x644;&#x64A;&#x641; &#x62C;&#x6CC;-&#x627;&#x644;&#x627;&#x646;&#x627; &#x645;&#x62A;&#x631;&#x62C;&#x645; &#x631;&#x626;&#x6CC;&#x633; &#x627;&#x645;&#x631;&#x648;&#x6C1;&#x648;&#x6CC;  ;; .G-Alana ;  translator Rais Amrohavi</subfield>
  </datafield>
  <datafield tag="246" ind1=" " ind2=" ">
    <subfield code="a">&#x642;&#x627;&#x626;&#x62F; &#x627;&#x639;&#x638;&#x645; &#x62C;&#x646;&#x627;&#x62D; : &#x627;&#x649;&#x6A9; &#x642;&#x648;&#x645; &#x6A9;&#x649; &#x633;&#x631;&#x6AF;&#x632;&#x634;&#x62A; </subfield>
  </datafield>
  <datafield tag="260" ind1=" " ind2=" ">
    <subfield code="a">[&#x6A9;&#x631;&#x627;&#x686;&#x6CC;] :</subfield>
    <subfield code="b">Firoj, </subfield>
    <subfield code="c">1967</subfield>
  </datafield>
  <datafield tag="300" ind1=" " ind2=" ">
    <subfield code="a">633 p. ;</subfield>
    <subfield code="c">23 cm</subfield>
  </datafield>
  <datafield tag="500" ind1=" " ind2=" ">
    <subfield code="a">   Includes  Biblographis</subfield>
  </datafield>
  <datafield tag="600" ind1=" " ind2=" ">
    <subfield code="a">Jinnah, Mahomed Ali, </subfield>
    <subfield code="d">1876-1948</subfield>
    <subfield code="9">8426</subfield>
  </datafield>
  <datafield tag="650" ind1=" " ind2=" ">
    <subfield code="a">Statesmen</subfield>
    <subfield code="v">Biography</subfield>
    <subfield code="z"> Pakistan </subfield>
    <subfield code="9">12243</subfield>
  </datafield>
  <datafield tag="700" ind1=" " ind2=" ">
    <subfield code="a">  &#x627;&#x645;&#x631;&#x648;&#x6C1;&#x648;&#x6CC; &#x60C;  &#x631;&#x626;&#x6CC;&#x633;  ;; Amrohavi, Rais</subfield>
    <subfield code="9">12244</subfield>
  </datafield>
  <datafield tag="942" ind1=" " ind2=" ">
    <subfield code="2">ddc</subfield>
    <subfield code="c">BK</subfield>
  </datafield>
  <datafield tag="999" ind1=" " ind2=" ">
    <subfield code="c">83320</subfield>
    <subfield code="d">83320</subfield>
  </datafield>
  <datafield tag="952" ind1=" " ind2=" ">
    <subfield code="0">0</subfield>
    <subfield code="1">0</subfield>
    <subfield code="2">ddc</subfield>
    <subfield code="4">0</subfield>
    <subfield code="7">1</subfield>
    <subfield code="8">NFIC</subfield>
    <subfield code="a">RUCL</subfield>
    <subfield code="b">RUCL</subfield>
    <subfield code="c">Reading</subfield>
    <subfield code="d">1969-09-17</subfield>
    <subfield code="e">Book Centre;     Karachi</subfield>
    <subfield code="g">20.00</subfield>
    <subfield code="l">0</subfield>
    <subfield code="o">U 954.91092 ALQ 1967</subfield>
    <subfield code="r">2024-03-12 00:00:00</subfield>
    <subfield code="t">C-1</subfield>
    <subfield code="w">2024-03-12</subfield>
    <subfield code="y">BK</subfield>
  </datafield>
</record>
